Statistics for MCU Actors

Click here to take the quiz!

General Stats

  • This quiz has been taken 78 times
    (16 since last reset)
  • The average score is 98 of 171

Answer Stats

Answer% Correct
Anthony Mackie
100%
Benedict Cumberbatch
100%
Chadwick Boseman
100%
Chris Evans
100%
Chris Hemsworth
100%
Chris Pratt
100%
Don Cheadle
100%
Elizabeth Olsen
100%
Jeremy Renner
100%
Mark Ruffalo
100%
Robert Downey Jr.
100%
Scarlett Johansson
100%
Sebastian Stan
100%
Tom Holland
100%
Zoe Saldana
100%
Bradley Cooper
93%
Brie Larson
93%
Dave Bautista
93%
Idris Elba
93%
Josh Brolin
93%
Paul Bettany
93%
Paul Rudd
93%
Ryan Reynolds
93%
Samuel L. Jackson
93%
Tom Hiddleston
93%
Vin Diesel
93%
Andrew Garfield
86%
Gwyneth Paltrow
86%
Jamie Foxx
86%
Jon Favreau
86%
Michael B. Jordan
86%
Natalie Portman
86%
Zendaya
86%
Angelina Jolie
79%
Edward Norton
79%
Jake Gyllenhaal
79%
Karen Gillan
79%
Michelle Pfeiffer
79%
Sylvester Stallone
79%
Tobey Maguire
79%
Aaron Taylor-Johnson
71%
Benedict Wong
71%
Charlie Cox
71%
Christian Bale
71%
Florence Pugh
71%
Hayley Atwell
71%
Hugh Jackman
71%
Jeff Goldblum
71%
Jude Law
71%
Letitia Wright
71%
Michael Douglas
71%
Oscar Isaac
71%
Pom Klementieff
71%
Tessa Thompson
71%
Anthony Hopkins
64%
Benicio del Toro
64%
Ben Kingsley
64%
Donald Glover
64%
James Spader
64%
J. K. Simmons
64%
John Krasinski
64%
Kurt Russell
64%
Lupita Nyong'o
64%
Michael Keaton
64%
Michael Rooker
64%
Owen Wilson
64%
Patrick Stewart
64%
Robert Redford
64%
Russell Crowe
64%
Salma Hayek
64%
Stellan Skarsgård
64%
Tommy Lee Jones
64%
Willem Dafoe
64%
Alfred Molina
57%
Awkwafina
57%
Bill Skarsgård
57%
Cate Blanchett
57%
Cobie Smulders
57%
Daniel Brühl
57%
Emilia Clarke
57%
Ethan Hawke
57%
Forest Whitaker
57%
Jeff Bridges
57%
Laurence Fishburne
57%
Liv Tyler
57%
Mahershala Ali
57%
Marisa Tomei
57%
Richard Madden
57%
Stanley Tucci
57%
Taika Waititi
57%
Terrence Howard
57%
Tilda Swinton
57%
William Hurt
57%
Andy Serkis
50%
Angela Bassett
50%
Charlize Theron
50%
Clark Gregg
50%
Daniel Kaluuya
50%
David Harbour
50%
Emily VanCamp
50%
Evangeline Lilly
50%
Frank Grillo
50%
Gemma Chan
50%
Hailee Steinfeld
50%
Hugo Weaving
50%
Jacob Batalon
50%
John C. Reilly
50%
Lee Pace
50%
Mads Mikkelsen
50%
Martin Freeman
50%
Michael Peña
50%
Michelle Yeoh
50%
Mickey Rourke
50%
Peter Dinklage
50%
Rachel McAdams
50%
Rachel Weisz
50%
Sam Rockwell
50%
Simu Liu
50%
Tim Roth
50%
Chiwetel Ejiofor
43%
Danai Gurira
43%
Djimon Hounsou
43%
Dominic Cooper
43%
Rhys Ifans
43%
Sean Gunn
43%
Winston Duke
43%
Wyatt Russell
43%
Ben Mendelsohn
36%
Jennifer Connelly
36%
Jonathan Majors
36%
Judy Greer
36%
Ke Huy Quan
36%
Kit Harington
36%
Olivia Colman
36%
Thomas Haden Church
36%
Will Poulter
36%
Barry Keoghan
29%
Benjamin Bratt
29%
Glenn Close
29%
Guy Pearce
29%
Hannah John-Kamen
29%
Jeffrey Wright
29%
John Slattery
29%
Julia Louis-Dreyfus
29%
Kumail Nanjiani
29%
Lashana Lynch
29%
Neal McDonough
29%
Randall Park
29%
Rebecca Hall
29%
Richard E. Grant
29%
Ty Burrell
29%
Vera Farmiga
29%
Vincent D'Onofrio
29%
Carrie Coon
21%
Florence Kasumba
21%
Leslie Bibb
21%
Maria Bakalova
21%
Ray Winstone
21%
Richard Armitage
21%
Shaun Toub
21%
Tony Leung
21%
Tony Revolori
21%
Walton Goggins
21%
F. Murray Abraham
14%
Michael Stuhlbarg
14%
Sharon Blynn
14%
Tim Blake Nelson
14%
Yahya Abdul-Mateen II
14%
James Badge Dale
7%
Scott Adkins
7%
Stéphanie Szostak
7%

Score Distribution

Percentile by Number Answered

Percent of People with Each Score

Your Score History

You have not taken this quiz since the last reset